000
00310nam a2200145Ia 4500
005
20251222144721.0
008
251222s9999||||xx |||||||||||||| ||spa||
020
_a
8472451232
082
_a
800/W32
100
_a
Watts, Alan
245
0
_a
Memorias
250
_a
1ra.ed.
264
_b
Memorias
942
_c
LIB
999
_c
18225
_d
18225